| 000 -CABECERA |
| Longitud fija campo de control |
00546nam a2200169 a 4500 |
| 001 - NÚMERO DE CONTROL |
| Número de control |
844 |
| 003 - IDENTIFICADOR DEL NÚMERO DE CONTROL |
| Identificador del número de control |
CDMR |
| 005 - FECHA Y HORA DE LA ÚLTIMA TRANSACCIÓN |
| Fecha y hora de la última transacción |
20131014095428.0 |
| 008 - CÓDIGOS DE INFORMACIÓN DE LONGITUD FIJA |
| Códigos de información de longitud fija |
130130s1971||||||||||||||||||||||||||||d |
| 040 ## - FUENTE DE LA CATALOGACIÓN |
| Centro catalogador de origen |
CDMR |
| Lengua de catalogación |
cat |
| Centro transcriptor |
CDMR |
| 100 1# - PUNTO DE ACCESO PRINCIPAL-NOMBRE DE PERSONA |
| Nombre de persona |
Piudo Moreno, Maria |
| 9 (RLIN) |
665 |
| 245 13 - MENCIÓN DE TÍTULO |
| Título |
El Laberinto |
| Resto del título |
: (Madrid, 1843-1845) |
| Mención de responsabilidad, etc. |
por Maria Piudo Moreno |
| 260 ## - PUBLICACIÓN, DISTRIBUCIÓN, ETC. (PIE DE IMPRENTA) |
| Lugar de publicación, distribución, etc. |
Madrid |
| Fecha de publicación, distribución, etc. |
1971 |
| Nombre del editor, distribuidor, etc. |
Consejo Superior de Investigaciones Científicas. Instituto "Miguel de Cervantes" |
| 300 ## - DESCRIPCIÓN FÍSICA |
| Extensión |
74 p. |
| 490 0# - MENCIÓN DE SERIE |
| Mención de serie |
Colección de Índices de Publicaciones Periódicas |
| Designación de volumen o secuencia |
21 |
| 942 ## - ENTRADA DE ELEMENTOS AGREGADOS (KOHA) |
| Koha [por defecto] tipo de item |
Monografies |
| Fuente de clasificaión o esquema |
|